Etelä-Pohjanmaan maakunnan kuntien vaakunat - Statistics

Yleistilastot
  • Tätä visaa on pelattu 122 kertaa
  • Keskiarvotulos 23 / 31
Vastaustilastot
Kuvavisa Vastaus % Oikein
Kauhava (–2008)
91%
Kauhava (2009–)
91%
Seinäjoki
91%
Alavus (–2012)
90%
Alavus (2013–) / Töysä
90%
Lapua
88%
Ähtäri
86%
Alajärvi
86%
Ilmajoki
84%
Kauhajoki
83%
Kurikka (–2008)
82%
Kurikka (2009–)
82%
Isojoki
80%
Teuva
80%
Isokyrö
78%
Karijoki
78%
Kuortane
77%
Evijärvi
76%
Lappajärvi
76%
Soini
76%
Vimpeli
76%
Alahärmä
67%
Nurmo
65%
Ylihärmä
64%
Jalasjärvi
61%
Peräseinäjoki
61%
Ylistaro
59%
Jurva
58%
Lehtimäki
51%
Kortesjärvi
45%
Seinäjoen mlk
37%
Ehtoja vastaavia visoja ei löytynyt
Tulosjakauma
Jokaisen tuloksen saaneiden osuus
Persentiili vastausten määrän mukaan
Tuloshistoriasi
Et ole pelannut tätä visaa